Phân tích các yếu tố ảnh hưởng đến quyết định sử dụng tín dụng nhà ở của hộ gia đình tại Thành phố Cần Thơ : Luận văn thạc sĩ kinh tế: Chuyên ngành: Tài chính - Ngân hàng
সংরক্ষণ করুন:
| প্রধান লেখক: | |
|---|---|
| বিন্যাস: | গ্রন্থ |
| ভাষা: | Undetermined |
| প্রকাশিত: |
Cần Thơ
Đại học Cần Thơ
2013
|
| বিষয়গুলি: | |
| ট্যাগগুলো: |
ট্যাগ যুক্ত করুন
কোনো ট্যাগ নেই, প্রথমজন হিসাবে ট্যাগ করুন!
|
| Thư viện lưu trữ: | Trung tâm Học liệu Trường Đại học Cần Thơ |
|---|
| LEADER | 00927nam a2200217Ia 4500 | ||
|---|---|---|---|
| 001 | CTU_183271 | ||
| 008 | 210402s9999 xx 000 0 und d | ||
| 082 | |a 332.1 | ||
| 082 | |b H523 | ||
| 088 | |a 60340201 | ||
| 100 | |a Vương, Quốc Huy | ||
| 245 | 0 | |a Phân tích các yếu tố ảnh hưởng đến quyết định sử dụng tín dụng nhà ở của hộ gia đình tại Thành phố Cần Thơ : | |
| 245 | 0 | |b Luận văn thạc sĩ kinh tế: Chuyên ngành: Tài chính - Ngân hàng | |
| 245 | 0 | |c Vương Quốc Huy ; Quan Minh Nhựt (Người hướng dẫn khoa học) | |
| 260 | |a Cần Thơ | ||
| 260 | |b Đại học Cần Thơ | ||
| 260 | |c 2013 | ||
| 650 | |a Ngân hàng và nghiệp vụ ngân hàng | ||
| 904 | |i Trần Thị Nhơn Ái | ||
| 910 | |a Nguyên | ||
| 980 | |a Trung tâm Học liệu Trường Đại học Cần Thơ | ||